01437nas a2200373 4500001001000000003000900010005001700019007000300036008003400039040005400073041000900127072000800136100002400144100001600168100001600184100002200200100002200222100001600244245027200260650001100532650001100543650002600554650001500580650002900595650001200624650002200636650002200658650001400680773012400694909004000818942001800858999001900876952016800895BR0403171BR-BrBNA20231205104626.0ta230509b bl.|||p| |||| 00| 00por d aBR-BrBNAbporcBiblioteca Nacional de Agricultura a(Pt) aQ041 aGoulart, P. de F.P.1 aAlves, J.D.1 aMalta, M.R.1 aMagalhães, M.M.1 aPereira, R.G.F.A.1 aMeyer, L.E.1 aAnálise comparativa entre lixiviação de potássio, condutividade elétrica, teor de ácido clorogênico e métodos de quantificação da atividade da polifenol oxidase em extratos semipurificados de amostras de café de diferentes padrões de qualidade aCAFÉ aGRÃO aANÁLISE COMPARATIVA aPOTÁSSIO aCONDUTIVIDADE ELÉTRICA aÁCIDO aPOLIFENOL OXIDASE aQUANTIFICAÇÃO aQUALIDADE0 tRevista Brasileira de Armazenamento (Brazil)xISSN 0100-3518g(Jul-Dec 2003), no. 7 (Especial Cafe) p. 78-85wBR0403171 a202311bLúciac55dLúcia Elande 2AGRISn0cANA c179011d179011 002AGRIS4071a41918b41918cPeriódicos Agrícolash(Jul-Dec 2003), no. 7 (Especial Cafe) p. 78-85l0r2023-11-29t01yCRePortaria Interministerial nº 164/94